Statistics for Biggest and Smallest Countries by Category #2

Click here to take the quiz!

General Stats

  • This quiz has been taken 214 times
    (178 since last reset)
  • The average score is 16 of 36

Answer Stats

CategoryCountry% Correct
B United NationsRussia
94%
B Starts with BBrazil
81%
B Starts with CCanada
80%
B Starts with AAustralia
73%
S United NationsMonaco
69%
B NuclearRussia
67%
S Starts with AAndorra
66%
B No BorderAustralia
65%
B English OfficialCanada
63%
B Spanish OfficialArgentina
60%
B Majority ChristianRussia
58%
B Majority BuddhistChina
56%
B G7 CountriesCanada
53%
S Starts with BBarbados
52%
S Starts with CComoros
51%
S NuclearIsrael
51%
S Majority ChristianVatican City
51%
S No BorderNauru
49%
B Contains ZBrazil
48%
B TigersRussia
46%
B GlaciersRussia
45%
B French OfficialCanada
43%
B Majority MuslimAlgeria
41%
S G7 CountriesUnited Kingdom
38%
S English OfficialNauru
34%
B Double LettersRussia
29%
S Majority MuslimMaldives
27%
S Majority BuddhistSingapore
27%
S TigersBhutan
20%
S Spanish OfficialEl Salvador
16%
S French OfficialMonaco
13%
S Contains ZSwaziland
12%
B PenguinsBrazil
11%
S PenguinsUruguay
7%
S Double LettersMarshall Islands
6%
S GlaciersMontenegro
0%

Score Distribution

Percentile by Number Answered

Percent of People with Each Score

Your Score History

You have not taken this quiz since the last reset